Numérique et travail - Statistiques

Statistiques générales
  • Ce quiz a été pris 7 fois
  • Le résultat moyen est 6 sur 20
Statistiques - réponses
Question Réponse % Correct
Qu’est-ce qu’un “digital nomad”? Une personne exerçant ses missions en remote, souvent à l’étranger
100%
Le numérique pourrait permettre une meilleure inclusion des travailleurs en situation de handicap grâce à : Des outils plus inclusifs
67%
Est-ce que la France a été l’un des premiers pays à introduire massivement le télétravail dans les pratiques de travail ? Non
67%
Le développement des outils algorithmiques permet d’entretenir une plus grande autonomie des salariés et réduit la reproduction de discriminations Oui
67%
Quel est le classement de la France dans l’UE en matière de compétences numériques élémentaires ? 12 ème
33%
L'illectronisme concerne combien de Français ? 16 millions
33%
Quelle part des français pensent que l’IA va remplacer leur travail ? 43 %
33%
Quels sont les avantages du nomadisme numérique ? La rémunération intéressante comparée au niveau de vie des pays concernés
33%
En général, les travailleurs précaire du milieu tertiaire accueillent mieux l’introduction d’outil d’IA dans leur tâches professionnelles que les cadres Non
33%
La numérisation du travail entraîne : Un brouillage vie privée et vie personnelle
33%
Quels sont les bienfaits du télétravail ? Une économie d'espace pour les entreprises
33%
L'ubérisation c’est : une précarisation des travailleurs du tertiaire.
33%
De quand date la loi prévoyant le droit à la déconnexion ? 2016
0%
Quelle était la part de travailleurs en télétravail aux États-Unis en 2011 ? 30%
0%
Selon l’Agence internationale de l’énergie, la consommation totale d'électricité égalera celle de quel pays en 2026 ? Le Japon
0%
Quelle mesure est prévue par la feuille de route stratégique « France numérique ensemble » pour la période 2023-2027 ? Le recrutement de 4000 conseillers numériques
0%
Quelles ont été les solutions instaurées par l’Etat pour réduire la fracture numérique en France ? Le recrutement de conseillers numériques
0%
Qui sont les travailleurs précaires et fragilisés par le numérique ? Les consultants de McKinsey
0%
Que signifie l’acronyme “NEET” ? “Neither in Employment nor in Education or Training”
0%
Quelles sont les modalités pour instaurer le télétravail dans les entreprises ? Par accord ou par charte
0%
Aucun quiz correspondant
Distribution des résultats
% des personnes avec chaque résultat
Percentile par nombre de réponses
Votre historique - résultats
Vous n’avez pas pris ce quiz